Количественный анализ растворения азота в поверхностном слое металлокерамического сплава TIC-(NI-CR) при импульсном электронно-пучковом облучении его поверхности; Горный информационно-аналитический бюллетень; Т. 2 № 12
| Parent link: | Горный информационно-аналитический бюллетень: научно-технический журнал.— , 1992- Т. 2 № 12.— 2011.— [С. 344-356] |
|---|---|
| Další autoři: | , , , |
| Shrnutí: | Заглавие с экрана Представлены результаты количественных расчетов глубины проникновения и содержания азота в поверхностном слое металлокерамического сплава TiC-(Ni-Cr) за время одиночного импульса электронно-пучкового облучения поверхности металлокерамического сплава в камере с азотсодержащей атмосферой и экспериментального исследования влияния азота на микроструктуру и микротвердость поверхности металлокерамического сплава при импульсном электронно-пучковом облучении. Режим доступа: по договору с организацией-держателем ресурса |
| Jazyk: | ruština |
| Vydáno: |
2011
|
| Témata: | |
| On-line přístup: | http://elibrary.ru/item.asp?id=17231136 |
| Médium: | Elektronický zdroj Kapitola |
| KOHA link: | https://koha.lib.tpu.ru/cgi-bin/koha/opac-detail.pl?biblionumber=637919 |
MARC
| LEADER | 00000naa0a2200000 4500 | ||
|---|---|---|---|
| 001 | 637919 | ||
| 005 | 20250124105955.0 | ||
| 035 | |a (RuTPU)RU\TPU\network\2111 | ||
| 090 | |a 637919 | ||
| 100 | |a 20141113d2011 k||y0rusy50 ca | ||
| 101 | 0 | |a rus | |
| 102 | |a RU | ||
| 135 | |a drcn ---uucaa | ||
| 181 | 0 | |a i | |
| 182 | 0 | |a b | |
| 200 | 1 | |a Количественный анализ растворения азота в поверхностном слое металлокерамического сплава TIC-(NI-CR) при импульсном электронно-пучковом облучении его поверхности |f В. Е. Овчаренко [и др.] | |
| 203 | |a Текст |c электронный | ||
| 300 | |a Заглавие с экрана | ||
| 320 | |a [Библиогр.: с. 356 (18 назв.)] | ||
| 330 | |a Представлены результаты количественных расчетов глубины проникновения и содержания азота в поверхностном слое металлокерамического сплава TiC-(Ni-Cr) за время одиночного импульса электронно-пучкового облучения поверхности металлокерамического сплава в камере с азотсодержащей атмосферой и экспериментального исследования влияния азота на микроструктуру и микротвердость поверхности металлокерамического сплава при импульсном электронно-пучковом облучении. | ||
| 333 | |a Режим доступа: по договору с организацией-держателем ресурса | ||
| 337 | |a Adobe Reader | ||
| 461 | |t Горный информационно-аналитический бюллетень |o научно-технический журнал |d 1992- | ||
| 463 | |t Т. 2 № 12 |v [С. 344-356] |d 2011 | ||
| 610 | 1 | |a электронный ресурс | |
| 610 | 1 | |a труды учёных ТПУ | |
| 610 | 1 | |a металлокерамические сплавы | |
| 610 | 1 | |a поверхностные слои | |
| 610 | 1 | |a структурно-фазовое модифицирование | |
| 701 | 1 | |a Овчаренко |b В. Е. |c специалист в области машиностроения |c профессор-консультант Юргинского технологического института (филиала) Томского политехнического университета, доктор технических наук |f 1945- |g Владимир Ефимович |3 (RuTPU)RU\TPU\pers\28211 |9 13165 | |
| 701 | 1 | |a Князева |b А. Г. |c российский физик |c профессор Томского политехнического университета, доктор физико-математических наук |f 1962- |g Анна Георгиевна |3 (RuTPU)RU\TPU\pers\25578 |9 11508 | |
| 701 | 1 | |a Букрина |b Н. В. |g Наталья Валерьевна | |
| 701 | 1 | |a Моховиков |b А. А. |c российский учёный в области технологии машиностроения |c доцент Юргинского технологического института (филиал) Томского политехнического университета |f 1976- |g Алексей Александрович |3 (RuTPU)RU\TPU\pers\24324 | |
| 801 | 2 | |a RU |b 63413507 |c 20141113 |g RCR | |
| 856 | 4 | |u http://elibrary.ru/item.asp?id=17231136 | |
| 942 | |c CF | ||